Essais anatomiques (Record no. 157738)
[ view plain ]
| 000 -LEADER | |
|---|---|
| campo de control de longitud fija | 01002nam a22002175i 4500 |
| 001 - NÚMERO DE CONTROL | |
| campo de control | 157738 |
| 003 - IDENTIFICADOR DE NÚMERO DE CONTROL | |
| campo de control | ES-MaACL |
| 005 - FECHA Y HORA DE LA ÚLTIMA TRANSACCIÓN | |
| campo de control | 20250717090742.0 |
| 008 - DATOS DE LONGITUD FIJA--INFORMACIÓN GENERAL | |
| campo de control de longitud fija | 040819s1766 fr a |||| | fre d |
| 040 ## - FUENTE DE CATALOGACIÓN | |
| Centro catalogador/agencia de origen | CAM |
| Lengua de catalogación | spa |
| Centro/agencia transcriptor | CAM |
| 100 1# - ENTRADA PRINCIPAL--NOMBRE DE PERSONA | |
| Nombre de persona | Lieutaud, Joseph. |
| 9 (RLIN) | 128950 |
| 245 10 - MENCIÓN DEL TÍTULO | |
| Título | Essais anatomiques |
| Resto del título | : contenant l'histoire exacte de toutes les parties qui composent le corps de l'homme, avec la maniere de les découvrir & les démontret, ornés de figures / |
| Mención de responsabilidad, etc. | par M. Lieutaud... |
| 250 ## - MENCION DE EDICION | |
| Mención de edición | Nouvelle édition, revue & augmentée. |
| 260 ## - PUBLICACIÓN, DISTRIBUCIÓN, ETC. | |
| Lugar de publicación, distribución, etc. | A Paris : |
| Nombre del editor, distribuidor, etc. | chez d'Houry imprimeur-libraire ..., Guillyn, P.F. Didot libraires ..., |
| Fecha de publicación, distribución, etc. | 1766. |
| 300 ## - DESCRIPCIÓN FÍSICA | |
| Extensión | [2], XXII, [2], 730, XXVI p., VI h. de grab. ; |
| Dimensiones | 8º. |
| 597 ## - NOTA DE DESCRIPCIÓN FÍSICA | |
| NOTA DE DESCRIPCIÓN FÍSICA | Sign.: []\p1\s, a\p8\s, b\p4\s, A-2Y\p8\s, 2Z\p5\s, *\p11\s, 2*\p2\s. |
| 599 ## - NOTA A LAS ILUSTRACIONES | |
| NOTA A LAS ILUSTRACIONES | Las h. pleg. de grab. calc. del cuerpo humano. |
| 650 #7 - PUNTO DE ACCESO ADICIONAL DE MATERIA--TÉRMINO DE MATERIA | |
| Término de materia o nombre geográfico como elemento de entrada | Anatomía |
| Fuente del encabezamiento o término | embne |
| 9 (RLIN) | 9800 |
| 852 ## - LOCALIZACIÓN | |
| Ubicación | ES-MaACL |
| Número de control de estantería | R-1174 |
| Nota libre | -- Enc. piel con hierros |
| Encuadernación | Olim: G-10476 |
| Estatus retirado | Estado de pérdida | Estado de daño | No para préstamo | Colección | Biblioteca de origen | Biblioteca actual | Ubicación en estantería | Fecha de adquisición | Fuente de adquisición | Total de préstamos | Signatura topográfica completa | Código de barras | Visto por última vez | Precio de reemplazo | Tipo de ítem Koha |
|---|---|---|---|---|---|---|---|---|---|---|---|---|---|---|---|
| Libros del s. XVIII | Biblioteca del Ateneo de Madrid | Biblioteca del Ateneo de Madrid | Depósito | 17/01/2008 | R-1174 | 1165071 | 23/02/2023 | 23/02/2023 | Libro impreso antiguo |
